| 000 | 00633nam a22001937a 4500 | ||
|---|---|---|---|
| 999 |
_c14573 _d14573 |
||
| 003 | AR-CdUCM | ||
| 008 | 190423b ||||| |||| 00| 0 spa d | ||
| 020 | _a978-607-618-011-2 | ||
| 040 |
_aMUNICIPALIDAD PROVINCIAL DEL CUSCO _cBIBLIOTECA MUNICIPAL DEL CUSCO |
||
| 082 |
_aPI / 376.1 / _bP51 |
||
| 245 |
_aAviones : _bMi libro de historias magnéticas / |
||
| 260 |
_aMéxico : _bSilver Dolphin, _c2013. |
||
| 300 |
_a12 páginas ; _bIlustraciones, _c30 cm. |
||
| 650 |
_aMundo de los aviones _933401 |
||
| 650 |
_aLiteratura infantil _9588 |
||
| 650 |
_aPrimera infancia _924660 |
||
| 942 |
_2ddc _cLIBROS |
||
| 945 |
_adavv _d23/04/2019 |
||